Алгоритмы локализации точки в трехмерном пространстве для генерации объекта при моделировании методом частиц; Известия Томского политехнического университета [Известия ТПУ]; Т. 312, № 5 : Управление, вычислительная техника и информатика
| Parent link: | Известия Томского политехнического университета [Известия ТПУ]/ Томский политехнический университет (ТПУ).— , 2000- Т. 312, № 5 : Управление, вычислительная техника и информатика.— 2008.— [С. 44-47] |
|---|---|
| Hlavní autor: | |
| Další autoři: | , |
| Shrnutí: | Заглавие с титульного листа Электронная версия печатной публикации Для решения задачи построения трехмерных объектов сложной конфигурации и заполнения расчетной области моделируемыми частицами предложено два алгоритма. Представлены основные положения, достоинства и недостатки каждого из алгоритмов. На основе тестовых расчетов предложены способы увеличения эффективности решения данной задачи с помощью современных компьютерных технологий. |
| Jazyk: | ruština |
| Vydáno: |
2008
|
| Edice: | Управление, вычислительная техника и информатика |
| Témata: | |
| On-line přístup: | http://www.lib.tpu.ru/fulltext/v/Bulletin_TPU/2008/v312/i5/10.pdf |
| Médium: | MixedMaterials Elektronický zdroj Kapitola |
| KOHA link: | https://koha.lib.tpu.ru/cgi-bin/koha/opac-detail.pl?biblionumber=173267 |
MARC
| LEADER | 00000nla2a2200000 4500 | ||
|---|---|---|---|
| 001 | 173267 | ||
| 005 | 20231031164453.0 | ||
| 035 | |a (RuTPU)RU\TPU\book\187927 | ||
| 035 | |a RU\TPU\book\187919 | ||
| 090 | |a 173267 | ||
| 100 | |a 20091222d2008 k y0rusy50 ca | ||
| 101 | 0 | |a rus | |
| 102 | |a RU | ||
| 135 | |a drnn ---uucaa | ||
| 181 | 0 | |a i | |
| 182 | 0 | |a b | |
| 200 | 1 | |a Алгоритмы локализации точки в трехмерном пространстве для генерации объекта при моделировании методом частиц |b Электронный ресурс |f В. В. Сергеев, С. Ю. Коростелев, С. Г. Псахье | |
| 203 | |a Текст |c электронный | ||
| 215 | |a 1 файл (632 Кб) | ||
| 225 | 1 | |a Управление, вычислительная техника и информатика | |
| 230 | |a Электронные текстовые данные (1 файл : 632 Кб) | ||
| 300 | |a Заглавие с титульного листа | ||
| 300 | |a Электронная версия печатной публикации | ||
| 320 | |a [Библиогр.: с. 47 (9 назв.)] | ||
| 330 | |a Для решения задачи построения трехмерных объектов сложной конфигурации и заполнения расчетной области моделируемыми частицами предложено два алгоритма. Представлены основные положения, достоинства и недостатки каждого из алгоритмов. На основе тестовых расчетов предложены способы увеличения эффективности решения данной задачи с помощью современных компьютерных технологий. | ||
| 337 | |a Adobe Reader | ||
| 461 | 1 | |0 (RuTPU)RU\TPU\book\176237 |t Известия Томского политехнического университета [Известия ТПУ] |f Томский политехнический университет (ТПУ) |d 2000- | |
| 463 | 1 | |0 (RuTPU)RU\TPU\book\187914 |x 1684-8519 |t Т. 312, № 5 : Управление, вычислительная техника и информатика |v [С. 44-47] |d 2008 |p 164 с. | |
| 610 | 1 | |a локализация | |
| 610 | 1 | |a трехмерные пространства | |
| 610 | 1 | |a генерация | |
| 610 | 1 | |a объекты | |
| 610 | 1 | |a метод частиц | |
| 610 | 1 | |a трехмерные объекты | |
| 610 | 1 | |a частицы | |
| 610 | 1 | |a расчеты | |
| 610 | 1 | |a компьютерные технологии | |
| 610 | 1 | |a электронный ресурс | |
| 700 | 1 | |a Сергеев |b В. В. | |
| 701 | 1 | |a Коростелев |b С. Ю. | |
| 701 | 1 | |a Псахье |b С. Г. |c доктор физико-математических наук |c зав. каф. физики высоких технологий в машиностроении (ФВТМ) МСФ, ТПУ |c директор Института физики прочности и материаловедения СО РАН |c профессор Томского государоственного университета |f 1952- |g Сергей Григорьевич |2 stltpush |3 (RuTPU)RU\TPU\pers\25589 | |
| 801 | 1 | |a RU |b 63413507 |c 20090623 |g PSBO | |
| 801 | 2 | |a RU |b 63413507 |c 20211207 |g PSBO | |
| 856 | 4 | |u http://www.lib.tpu.ru/fulltext/v/Bulletin_TPU/2008/v312/i5/10.pdf | |
| 942 | |c CF | ||